Goodbye earth : (Record no. 18060)
[ view plain ]
| 000 -LEADER | |
|---|---|
| fixed length control field | 00704cam a22002531 4500 |
| 001 - CONTROL NUMBER | |
| control field | 18060 |
| 003 - CONTROL NUMBER IDENTIFIER | |
| rucl marc code | BD-RjUL |
| 005 - DATE AND TIME OF LATEST TRANSACTION | |
| control field | 20211209000231.0 |
| 008 - FIXED-LENGTH DATA ELEMENTS--GENERAL INFORMATION | |
| fixed length control field | 140219s1958 nyu 000 0 eng |
| 035 ## - SYSTEM CONTROL NUMBER | |
| System control number | (BD-RjUL)18118 |
| System control number | (OCoLC)304060 |
| 040 ## - CATALOGING SOURCE | |
| Original cataloging agency | DLC |
| Transcribing agency | OYU |
| Modifying agency | OCoLC |
| -- | DLC |
| -- | BD-RjUL |
| Language of cataloging | eng |
| 041 ## - LANGUAGE CODE | |
| Language code of text/sound track or separate title | eng |
| 082 00 - DEWEY DECIMAL CLASSIFICATION NUMBER | |
| Classification number | 821.91 |
| Author mark and year | RIG 1958 |
| 100 1# - MAIN ENTRY--PERSONAL NAME | |
| Personal name | Richards, I. A. |
| Fuller form of name | (Ivor Armstrong), |
| Dates associated with a name | 1893-1979. |
| 9 (RLIN) | 1172 |
| 245 10 - TITLE STATEMENT | |
| Title | Goodbye earth : |
| Remainder of title | And other poems / |
| Statement of responsibility, etc. | I. A. Richards. |
| 250 ## - EDITION STATEMENT | |
| Edition statement | [1st ed.] |
| 260 ## - PUBLICATION, DISTRIBUTION, ETC. (IMPRINT) | |
| Place of publication, distribution, etc. | New York : |
| Name of publisher, distributor, etc. | Harcourt, Brace, |
| Date of publication, distribution, etc. | c1958. |
| 300 ## - PHYSICAL DESCRIPTION | |
| Pagination | x, 64 p. ; |
| Size | 22 cm. |
| 650 #0 - SUBJECT ADDED ENTRY--TOPICAL TERM | |
| Topical term or geographic name as entry element | Poems |
| 9 (RLIN) | 55654 |
| 942 ## - ADDED ENTRY ELEMENTS (KOHA) | |
| Source of classification or shelving scheme | Dewey Decimal Classification |
| Koha item type | Books |
| Lost status | Source of classification or shelving scheme | Damaged status | Not for loan | Collection code | Permanent Location | Current Location | Shelving location | Date acquired | Source of acquisition | Cost, normal purchase price | Total Checkouts | Full call number | Date last seen | Copy number | Koha item type |
|---|---|---|---|---|---|---|---|---|---|---|---|---|---|---|---|
| Dewey Decimal Classification | Not For Loan | Non-fiction | Central Library, University of Rajshahi | Central Library, University of Rajshahi | Reading Room | 04/04/1963 | Zeitlinger | 21.00 | 821.91 RIG 1958 | 19/02/2014 | C-1 | Books |